000
00312nam a2200121Ia 4500
008
240624s9999 xx 000 0 und d
041
_a
eng
082
_a
332.1 IIB
100
_a
INDIAN INSTITUTE OF BANKING FINANCE
245
_a
BANK FINANCIAL MANAGEMENT
260
_c
2009
_a
New Delhi
_b
Taxmann
365
_c
RS
_b
25
999
_c
13979
_d
13979